Foundation design and construction (Record no. 101587)

MARC details
000 -LEADER
fixed length control field 00952cam a2200241 4500
008 - FIXED-LENGTH DATA ELEMENTS--GENERAL INFORMATION
fixed length control field 010821n2001 000 0 eng u
020 ## - INTERNATIONAL STANDARD BOOK NUMBER
International Standard Book Number 0130311804
035 ## - SYSTEM CONTROL NUMBER
System control number (Sirsi) u114211
041 ## - LANGUAGE CODE
Language code of text/sound track or separate title eng.
050 ## - LIBRARY OF CONGRESS CALL NUMBER
Classification number 624.15
100 ## - MAIN ENTRY--PERSONAL NAME
Personal name Tomlinson, M.J.
245 ## - TITLE STATEMENT
Title Foundation design and construction
250 ## - EDITION STATEMENT
Edition statement 7th ed.
260 ## - PUBLICATION, DISTRIBUTION, ETC.
Place of publication, distribution, etc. Harlow
Name of publisher, distributor, etc. Pearson Education
Date of publication, distribution, etc. 2001
300 ## - PHYSICAL DESCRIPTION
Extent xii,569p.
Other physical details ill.
Dimensions 25cm.
350 ## - PRICE (NR) (BK AM CF MU VM SE) [OBSOLETE]
Price 39.99
520 ## - SUMMARY, ETC.
Summary, etc. Starts by explaining some basic theory, and then, through case studies, practical worked examples and design charts, develops an in-depth understanding of foundation design and construction methods. Types of foundation covered include shallow strip, pad and raft, basement structures, driven and bored piles, and deep shafts.
650 ## - SUBJECT ADDED ENTRY--TOPICAL TERM
Topical term or geographic name entry element FOUNDATION ENGINEERING
650 ## - SUBJECT ADDED ENTRY--TOPICAL TERM
Topical term or geographic name entry element SOIL MECHANICS
650 ## - SUBJECT ADDED ENTRY--TOPICAL TERM
Topical term or geographic name entry element SUBSURFACE ENGINEERING
690 ## - LOCAL SUBJECT ADDED ENTRY--TOPICAL TERM (OCLC, RLIN)
Topical term or geographic name as entry element BUILT ENVIRONMENT-CONSTRUCTION DESIGN
942 ## - ADDED ENTRY ELEMENTS (KOHA)
Suppress in OPAC 0
Holdings
Withdrawn status Lost status Source of classification or shelving scheme Damaged status Not for loan Home library Current library Shelving location Date acquired Cost, normal purchase price Total Checkouts Full call number Barcode Date last seen Date last checked out Copy number Cost, replacement price Price effective from Koha item type
    Dewey Decimal Classification     London London Books 12/07/2002 33.91 28 624.15 TOM 30065999 06/08/2019 10/03/2009 1 33.91 06/08/2019 Book